000 00317 a2200157 4500
001 61688
020 _a9788564199149
040 _cAnchieta - Pituba
100 _aPaula, Luciano de
240 1 0 _aCena em sala
_lpor
245 1 0 _aCena em sala
300 _a145
362 0 _a2011
650 4 _aTeatro
942 _cBK
999 _c61688
_d61688